| 000 | 00522nam a2200181 i 4500 | ||
|---|---|---|---|
| 001 | 128778 | ||
| 003 | ES-MaACL | ||
| 005 | 20230906193347.0 | ||
| 007 | t| | ||
| 008 | 070524s1976 sp ||||1| spa d | ||
| 080 | _a133 | ||
| 100 | 1 |
_aTarade, Guy. _9109259 |
|
| 245 | 1 | 0 |
_aTras las huellas del saber perdido / _cGuy Tarade ; [traducción de José Gonzalo]. |
| 260 |
_aBarcelona : _bDaimón, _c[1976] |
||
| 300 |
_a287 p. : _bil ; _c20 cm. |
||
| 700 | 1 |
_aGonzalo, José. _959052 |
|
| 852 |
_aES-MaACL _jA-6116 _bR.95085 |
||
| 999 |
_c128778 _d128778 |
||